Тиратронный привод с импульсным регулированием скорости; Тезисы докладов первой научно-технической конференции по вопросам автоматизации производства (10-12 мая 1962 г.)

Dades bibliogràfiques
Parent link:Тезисы докладов первой научно-технической конференции по вопросам автоматизации производства (10-12 мая 1962 г.).— 1963.— С. 9
Autor principal: Зайцев А. П.
Altres autors: Зайцев А. И.
Idioma:rus
Publicat: 1963
Matèries:
Format: Capítol de llibre
KOHA link:https://koha.lib.tpu.ru/cgi-bin/koha/opac-detail.pl?biblionumber=592485

MARC

LEADER 00000naa0a2200000 4500
001 592485
005 20250829095522.0
035 |a (RuTPU)RU\TPU\tpu\4616 
090 |a 592485 
100 |a 20011210d1963 k||y0rusy50 ca 
101 0 |a rus 
102 |a RU 
200 1 |a Тиратронный привод с импульсным регулированием скорости  |f А. П. Зайцев, А. И. Зайцев 
463 1 |t Тезисы докладов первой научно-технической конференции по вопросам автоматизации производства (10-12 мая 1962 г.)  |v С. 9  |d 1963 
610 1 |a электрические машины 
610 1 |a труды учёных ТПУ 
610 1 |a электропривод 
700 1 |a Зайцев  |b А. П. 
701 1 |a Зайцев  |b А. И. 
801 0 |a RU  |b 63413507  |c 20011210  |g PSBO 
801 2 |a RU  |b 63413507  |c 20071225  |g PSBO 
942 |c BK